Представление документа в формате RUSMARC

ПолеНазваниеЗначение
  Тип записи i
  Библиографический уровень m
001 Контрольный номер RU/IS/BASE/289560771
005 Дата корректировки 20201206204628.0
010 Индекс ISBN __
d Цена 425-98
101 Язык документа __
a Язык текста rus
c Язык оригинала fre
200 Заглавие и сведения об ответственности 1_
a Заглавие Граф Монте-Кристо
e Сведения, относящиеся к заглавию [радиоспектакль]
f Первые сведения об ответственности А. Дюма ; [исполн. Р. Плятт и др. ; инсченировка Зои Чернышовой ; режиссеры: Т. Сапожникова, Н. Литвинов ; композитор Е. Подгайц]
b Общее обозначение материала Звукозапись
210 Выходные данные __
a Место издания М.
c Издательство ЭКСМО-Сидиком
d Дата издания 2007
215 Физическое описание __
a Объем 1 электрон. опт. диск (Audio CD) (4 ч. 19 мин.)
300 Общие примечания __
a Общие примечания AudioCD ; MP3 ; 192 кбит/сек ; 44,1 кГЦ
323 Примечание о главных создателях, исполнителях, участниках __
a Примечание о главных создателях, исполнителях, участниках Плятт, Р.
a Примечание о главных создателях, исполнителях, участниках Суховерко, Р.
a Примечание о главных создателях, исполнителях, участниках Весник, Е.
a Примечание о главных создателях, исполнителях, участниках Бучменюк, В.
a Примечание о главных создателях, исполнителях, участниках Иванов, Б.
a Примечание о главных создателях, исполнителях, участниках Гунченко, А.
a Примечание о главных создателях, исполнителях, участниках Зубарев, В.
a Примечание о главных создателях, исполнителях, участниках Подгорный, Н.
a Примечание о главных создателях, исполнителях, участниках Корсунский, Б.
a Примечание о главных создателях, исполнителях, участниках Дугин, В.
a Примечание о главных создателях, исполнителях, участниках Викланд, О.
330 Аннотация __
a Аннотация История страшного предательства и неумолимого отмщения - вот что стоит за именем "Монте-Кристо". Бесправный узник замка ИФ, ставший всесильным графом, преследует своих врагов, похитивших его любовь, свободу и положение в обществе, неотвратимо как сама судьба. Однако что принесет ему эта месть помимо самой радости мести?
606 Тематические рубрики __
a Основная рубрика Музыка и зрелищные искусства
606 Тематические рубрики __
a Основная рубрика Художественное радиовещание
610 Ключевые слова __
a Ключевые слова радиоспектакли; радиопостановки; аудиопостановки; тема мести; тема вражды; тема любви; тема приключений; тема предательства; тема человека; тема обмана; тема дружбы; французская литература; иностранная литература; зарубежная литература
686 Индексы других классификаций __
a Классификационный индекс 85.38я04
700 Автор _1
a Фамилия Дюма
b Имя А.
c Титул (звания) старший
f Даты 1802-1870
g Полное личное имя Александр
4 Код отношения 070
702 Вторичная интеллектуальная ответственность _1
a Фамилия Чернышова
b Имя З.
4 Код отношения Инсценировка
g Полное личное имя Зоя
702 Вторичная интеллектуальная ответственность _1
a Фамилия Сапожникова
b Имя Т.
4 Код отношения Режиссер
702 Вторичная интеллектуальная ответственность _1
a Фамилия Литвинов
b Имя Н.
4 Код отношения Режиссер
702 Вторичная интеллектуальная ответственность _1
a Фамилия Подгайц
b Имя Е.
4 Код отношения Композитор
801 Источник записи _0
a Страна RU
b Организация Муниципальное бюджетное учреждение культуры "Централизованная библиотечная система" г. Сургут (Центральная городская библиотека им. А. С. Пушкина)
g Правила каталогизации КиК/Поспелова
801 Источник записи _1
a Страна RU
b Организация Муниципальное бюджетное учреждение культуры "Централизованная библиотечная система" г. Сургут (Центральная городская библиотека им. А. С. Пушкина)
g Правила каталогизации КиК/Поспелова
852 Данные о местонахождении __
j Шифр хранения 85.38я04
c Каталожный индекс 85.38я04
i Авторский знак Д 96
901 Тип документа __
t Тип документа 0
903 Характеристики (МАРС) __
a Дата передачи 20090305
969 Тип издания __
a Тип издания аудиоспектакль; аудиокнига
990 Данные о заказе (DOS) __
j Количество экземпляров (DOS) 2
h N записи в КСУ для Б/У (DOS) 200903